Größte Städte des Regierungsbezirks Karlsruhe - Statistiken

Allgemein
  • Dieses Quiz wurde 219 mal gespielt
  • Das Durchschnittsergebnis liegt bei 12 aus 20
Antwortstatistiken
Einwohner Kreis Stadt % Korrekt
312.060 kreisfrei Karlsruhe
91%
49.918 Rastatt Rastatt
91%
310.658 kreisfrei Mannheim
90%
161.485 kreisfrei Heidelberg
85%
125.957 kreisfrei Pforzheim
85%
23.578 Calw Calw
83%
55.185 kreisfrei Baden-Baden
81%
23.635 Freudenstadt Freudenstadt
80%
44.776 Karlsruhe Bruchsal
76%
39.373 Karlsruhe Ettlingen
74%
29.566 Karlsruhe Bretten
57%
35.399 Rhein-Neckar-Kreis Sinsheim
53%
28.864 Rastatt Bühl
43%
45.425 Rhein-Neckar-Kreis Weinheim
42%
29.884 Rastatt Gaggenau
40%
26.799 Rhein-Neckar-Kreis Wiesloch
39%
26.130 Enzkreis Mühlacker
35%
25.082 Freudenstadt Horb am Neckar
31%
24.788 Karlsruhe Stutensee
31%
27.044 Rhein-Neckar-Kreis Leimen
24%
Keine übereinstimmenden Quizze gefunden
Verteilung der Resultate
Anzahl Personen mit jedem Resultat
Perzentil nach korrekt beantworteten Fragen
Ihre Resultats-Entwicklung
Sie haben dieses Quiz noch nicht gespielt